|
|
|
|
| LEADER |
00000nam a2200000 a 4500 |
| 001 |
UCT1987 |
| 003 |
CL-VaPUC |
| 008 |
961004e19740000SP |||||||||||||||||spa|d |
| 082 |
0 |
4 |
|a 536.7
|b SAA
|2 21
|
| 100 |
0 |
|
|a Saad, Michel A
|e author
|9 371045
|
| 245 |
1 |
0 |
|a Termodinámica: teoría y aplicaciones técnicas
|
| 300 |
|
|
|a 624 p
|
| 942 |
|
|
|c BK
|
| 945 |
|
|
|d 19961004 00:00:00
|a paguirre
|
| 260 |
|
|
|a Bilbao
|b Urmo
|c 1974
|
| 650 |
|
0 |
|a Termodinámica
|9 259320
|
| 650 |
|
0 |
|a Energía
|9 259431
|
| 650 |
|
7 |
|a CONSERVACION DE LA ENERGIA
|2 CL-VaPUC
|9 262923
|
| 650 |
|
0 |
|a Cinética
|9 260943
|
| 650 |
|
0 |
|a Gases
|9 260945
|
| 650 |
|
0 |
|a Entropía
|9 262675
|
| 583 |
|
|
|a last modification
|c 19961004 00:00:00
|k Rodrigo Vera
|
| 999 |
|
|
|c 252295
|d 252293
|
| 952 |
|
|
|0 0
|1 0
|4 0
|6 536_700000000000000_SAA_1974
|7 0
|8 A
|9 272083
|a BIBCUR
|b BIBCUR
|d 2019-11-19
|i 1756559
|l 5
|o 536.7 SAA 1974
|p 1756559
|r 2025-04-22
|s 2022-05-18
|w 2019-11-19
|y BK
|k FIS
|